BIBLIOTHÈQUE DE LA MAISON DU MEXIQUE

Logo 1 Logo 2

Pedro Páramo (notice nᵒ 6137)

détails MARC
000 -Sello discográfico
campo de control de longitud fija 00802nam a2200277 4500
005 - Identificación de versión
campo de control 20260325114950.0
010 ## - Número Estándar Internacional de Libros (ISBN)
Número (ISBN) 2-07-028598-7
099 ## - fechas locales
Tipo de ítem Koha LIBRO
100 ## - Datos de procesamiento general
Datos de procesamiento general 20220622d1979 m y1spay5003 ba
101 ## - Idioma del recurso
Idioma del texto, banda sonora, etc. Francés
Idioma de la obra original Español; Castellano
105 ## - Campo de datos codificados: Material textual, monográfico
Datos codificados de monografía y 001ay
200 1# - Título y mención de responsabilidad
Título propio Pedro Páramo
Designación general del material texto impreso
Primer mención de responsabilidad Juan Rulfo
Declaración de responsabilidad subsiguiente traduction de l'espagnol Roger Lescot
210 ## - Publicación, distribución, etc.
Lugar de publicación, distribución, etc. Paris
Nombre del editor, distribuidor, etc. Editions Gallimard
Fecha de publicación, distribución, etc. 1979
215 ## - Descripción física
Designación de material específico y extensión del ítem 145 p
Dimensiones 19 cm
345 ## - Nota de información de adquisición
Fuente de adquisición/dirección de la suscripción [OBSOLETO] Donación
410 #1 - Series
Título Collection L'Imaginaire
Número de volumen 38
454 #1 - Traducción de
Título Pedro Páramo
606 ## - Término temático usado como materia
Elemento de entrada Novela mexicana
Subdivisión cronológica Siglo XX
Número Koha 64
660 ## - Código de área geográfica
Código MX
700 ## - Nombre personal - Responsabilidad primaria
Elemento de entrada Pérez Rulfo Vizcaíno
Parte del nombre distinta del elemento de entrada Juan Nepomuceno Carlos
Fechas 1917-1986
Número Koha 585
702 ## - Nombre personal - Responsabilidad secundaria
Elemento de entrada Lescot
Parte del nombre distinta del elemento de entrada Roger
Fechas 1914-1975
Número Koha 11700
801 #0 - Fuente de origen
País FR
Agencia cm
Reglas de catalogación (convenciones descriptivas) AFNOR
942 ## - ELEMENTOS DE ENTRADA SECUNDARIOS (KOHA)
Tipo de ítem Koha Livre
Exemplaires
Estatus retirado Estado de daño Estado de pérdida Fecha de adquisición Biblioteca de origen Biblioteca actual Ubicación en estantería Código de barras Precio de reemplazo Signatura topográfica completa No para préstamo Tipo de ítem Koha Nota pública Nota no pública
      05/08/2025 Casa México Paris Casa México Paris   006604 05/08/2025 863.44 R935PF   Livre 20220622LIV 751145101